Fr. Conceicao Rodrigues College of Engineering

Fundamentals of Marketing (Record no. 25120)

MARC details
000 -LEADER
fixed length control field 00301nam a2200133Ia 4500
082 ## - DEWEY DECIMAL CLASSIFICATION NUMBER
Classification number 658.8
Item number PAN
100 ## - MAIN ENTRY--PERSONAL NAME
Personal name Stanton/William J & others
245 ## - TITLE STATEMENT
Title Fundamentals of Marketing
260 ## - PUBLICATION, DISTRIBUTION, ETC.
Name of publisher, distributor, etc. Mc Graw Hill
Place of publication, distribution, etc. New Delhi
Date of publication, distribution, etc. 1994
546 ## - LANGUAGE NOTE
Language note ENGLISH
654 ## - SUBJECT ADDED ENTRY--FACETED TOPICAL TERMS
Focus term MARKETING
942 ## - ADDED ENTRY ELEMENTS (KOHA)
Koha item type BOOK
Holdings
Withdrawn status Lost status Damaged status Not for loan Collection Home library Current library Date acquired Source of acquisition Cost, normal purchase price Total Checkouts Full call number Barcode Date last seen Cost, replacement price Price effective from Koha item type
        CRC Fr. Agnel's C.Rodrigues College of Engineering Fr. Agnel's C.Rodrigues College of Engineering 17/03/2023 global books 225.00   658.8 PAN 6753 17/03/2023 225.00 17/03/2023 BOOK